| 000 | 00759nab a2200229 u 4500 | ||
|---|---|---|---|
| 001 | 08973 | ||
| 003 | HDC | ||
| 007 | cr bn ---aaaaa | ||
| 008 | 210131c9999 my dr|nes 0 a may d | ||
| 040 | _aHDC | ||
| 245 | 0 | _aMenu Utama Sempena Krismas | |
| 260 |
_a[no place] : _b[publisher not identified], _c[no year] |
||
| 336 |
_atext _2rdacontent |
||
| 337 |
_acomputer _2rdamedia |
||
| 338 |
_aonline resource _2rdacarrier |
||
| 650 |
_aMalaysia Airlines System (MAS) _99392 |
||
| 650 |
_aSpecial menu christmas _99391 |
||
| 856 | _zRequest full-text at [email protected] | ||
| 942 | _2lcc | ||
| 942 | _cNEWS | ||
| 942 | _kNWSC 002426 | ||
| 999 |
_c6296 _d6296 |
||